• 首页
  • 本馆介绍
  • 公告通知
  • 最新文献
  • 馆藏检索
  • 电子资源
  • 读者导购
  • 参考咨询
  • 我的图书馆
  • 登录
  • 详细信息显示
  • 放入我的书架
  • 预约/预借图书
  • 作者相关作品
  • 分类相关作品
  • 丛书相关作品
  • 出版社相关作品

书目信息

  • 表格格式
  • 工作单格式
  • 卡片格式
题名:
电机与电器的修理和使用
    
 
作者: 上海电机制造学校 编
分册:  
出版信息: 北京   机械工业出版社  1965
页数: 240页
开本: 20cm
丛书名:
单 册:
中图分类: TM3
科图分类:
主题词: 电机
电子资源:
ISBN:
000 00719nam0 2200241 450
001 0660431750
005 20060601164933.23
010    @dCNY0.80
100    @a20060601d1965 km y0chiy0120 ea
101 0  @achi
102    @aCN@b110000
102    @aCN@b110000
200 1  @a电机与电器的修理和使用@Adian ji yu dian qi de xiu li he shi yong@f上海电机制造学校编@Fshang hai dian ji zhi zao xue xiao bian
205    @a新1版
210    @a北京@c机械工业出版社@d1965
215    @a240页@d20cm
300    @a中等专业学校交流讲义
300    @a只限学校内部使用
606 0  @a电机
690    @aTM3@v3
701  0 @a上海电机制造学校@Ashang hai dian ji zhi zao xue xiao@4编
801  0 @aCN@bPFT@c20060601
905    @a10447@dTM3@e28=2
    
    电机与电器的修理和使用/上海电机制造学校编.-新1版.-北京:机械工业出版社,1965
    240页;20cm
    中等专业学校交流讲义.-只限学校内部使用
    
    ISBN :CNY0.80
    
●
相关链接 在E读中查询图书 在五车中查询图书 在当当中查询图书 在豆瓣中查询图书


正题名:电机与电器的修理和使用     索取号:TM3/28=2         预约/预借

序号 登录号 条形码 馆藏地/架位号 状态 备注
1 0420065   204200658   密集书库/ [索取号:TM3/28=2] 在馆    
唐山师范学院图书馆 欢迎您!
大连网信软件有限公司© 版权所有